Business Environment in India (2004): Economic,Social & Political / (Record no. 1077)
[ view plain ]
| 000 -LEADER | |
|---|---|
| Fixed length control field | 00525nam a2200181 4500 |
| 003 - CONTROL NUMBER IDENTIFIER | |
| Control field | SEACOMMC |
| 005 - DATE AND TIME OF LATEST TRANSACTION | |
| Control field | 20250502125259.0 |
| 008 - FIXED-LENGTH DATA ELEMENTS--GENERAL INFORMATION | |
| Fixed length control field | 250211b |||||||| |||| 00| 0 eng d |
| 020 ## - INTERNATIONAL STANDARD BOOK NUMBER / ISBN | |
| International Standard Book Number | 81-2240-456-1 |
| Price | Rs.280.00 |
| 040 ## - CATALOGING SOURCE | |
| Original cataloging agency | SEACOMMC |
| 082 ## - DEWEY DECIMAL CLASSIFICATION NUMBER | |
| Classification number | 330.954 |
| Book Number | C 549 |
| 100 ## - MAIN ENTRY--PERSONAL NAME | |
| Personal name | Chopra, BS KS |
| 245 1# - TITLE STATEMENT | |
| Title | Business Environment in India (2004): Economic,Social & Political / |
| Statement of responsibility | BS KS Chopra |
| 250 ## - EDITION STATEMENT | |
| Edition statement | 5th ed. |
| 260 ## - IMPRINT | |
| Place of publication | Pune |
| Name of publisher | Everest Publishing House |
| Date of publication | 2004 |
| 650 ## - SUBJECT ADDED ENTRY--TOPICAL TERM | |
| Topical term | Environmental Economics |
| 942 ## - ADDED ENTRY ELEMENTS (KOHA) | |
| Koha item type | Books |
| Withdrawn status | Lost status | Source of classification | Damaged status | Not for loan | Home library | Current library | Shelving location | Date acquired | Total Checkouts | Call number | Accession number | Date last seen | Price effective from | Koha item type | Copy number |
|---|---|---|---|---|---|---|---|---|---|---|---|---|---|---|---|
| Dewey Decimal Classification | SEACOM MANAGEMENT COLLEGE | SEACOM MANAGEMENT COLLEGE | Reference | 22/07/2008 | 330.954 C 549 | M-2013 | 11/02/2025 | 11/02/2025 | Books | ||||||
| Dewey Decimal Classification | SEACOM MANAGEMENT COLLEGE | SEACOM MANAGEMENT COLLEGE | 22/07/2008 | 330.954 C 549 | M-2014 | 11/02/2025 | 11/02/2025 | Books | 1 | ||||||
| Dewey Decimal Classification | SEACOM MANAGEMENT COLLEGE | SEACOM MANAGEMENT COLLEGE | 22/07/2008 | 330.954 C 549 | M-2015 | 11/02/2025 | 11/02/2025 | Books | 2 |
